000
00294nam a2200109Ia 4500
008
220204s9999 xx 000 0 und d
082
_a
82-3
_b
FER
100
_a
Ferman, Edward L
245
0
_a
Final stage: The ultimate science fiction anthology
260
_a
New York
_b
Penguin
_c
1975
942
_c
BK
999
_c
26246
_d
26246